LEADER 01143nam a2200193 i 4500 001 000000221854 003 CaOOAMICUS 005 20130814000000.0 008 130814s1852 xx u000 u fre u 013 $a200751 040 $aSeMil$bita 245 10$aDictionnaire de patrologie ou repertoire historique, bibliographique, analytique et critique des saints peres, des docteurs et de tous les autres ecrivains des douze premiers siecle de l'eglise ... 2 /$cpar l'abbé Sévestre. 300 $a1660 col. 773 0 $aMigne, Jacques-Paul <1800-1875>$tEncyclopédie théologique, ou Série de dictionnaires sur toutes les parties de la science religieuse ..$dPetit-Montrouge : S'imprime et se vende chez J.-P. Migne, 1851.$g21$w()11876 850 $aSeMil 852 $aSeMil$W1$xVenegono$y1$m2S V 21 FA$j172203$B172203$CSeMilBibl$Z2$F182757 $8I 941 1 $a10 961 $aRecupero: Mantegazza 996 $6245$aDictionnaire de patrologie ou repertoire historique, bibliographique, analytique et critique des saints peres, des docteurs et de tous les autres ecrivains des douze premiers siecle de l'eglise ... 2$9(OLS)http://semarc/title/318057 LEADER 01526nam a2200241 i 4500 001 000000241396 003 CaOOAMICUS 005 20150430000000.0 008 150430s1794 it u000 u ita u 013 $a220301 026 $arede t-,e r-l- basp (3) 1794 (Q) 040 $aSeMil$bita 245 10$aOmelia dall'illustrissimo e reverendissimo monsignore fr. Adeodato Turchi ... recitata al suo popolo nel giorno di Pentecoste dell'anno 1794. Sopra le orazioni pubbliche, che si fanno attualmente. 260 $aParma :$bDalla Stamperia Reale,$c1794. 300 $a[2], 33, [1] p. ;$c4º. 500 $aData di stampa presunta, 1794, nel tit. - Stemma del Turchi a p. 3. - Vignetta xilogr. sul front. 700 1 $aTurchi, Adeodato .$0(OLS)http://semarc/name/5422 710 2 $aStamperia reale$b.$0(OLS)http://semarc/name/3029 773 0 $aTurchi, Adeodato $t[Omelie, lettere pastorali, indulti, ecc. di monsignor Fr. Adeodato Turchi ...].$dParma : Dalla Stamperia vescovile di Marco Rossi, e Andrea Ubaldi, 1789.$w()11210 850 $aSeMil 852 $aSeMil$W1$xVenegono$y1$m3F VI 5/15 FA$j191742$B191742$CSeMilBibl$Z2$F202545 $8I 996 $6245$aOmelia dall'illustrissimo e reverendissimo monsignore fr. Adeodato Turchi ... recitata al suo popolo nel giorno di Pentecoste dell'anno 1794. Sopra le orazioni pubbliche, che si fanno attualmente$9(OLS)http://semarc/title/343107 996 $6260$aParma :$bDalla Stamperia Reale$9(OLS)http://semarc/publisher/31459